Κίνδυνος πρόσκρουσης πτηνών σε αεροσκάφη και μέτρα για την μείωσή τους στο αεροδρόμιο «Οδυσσέας Ελύτης» της Μυτιλήνης : [πτυχιακή εργασία]
Αποθηκεύτηκε σε:
| Κύριος συγγραφέας: | |
|---|---|
| Συγγραφή απο Οργανισμό/Αρχή: | |
| Άλλοι συγγραφείς: | |
| Μορφή: | Thesis Βιβλίο |
| Γλώσσα: | Greek |
| Δημοσίευση: |
2014
|
| Θέματα: | |
| Διαθέσιμο Online: | http://hdl.handle.net/11610/10497 |
| Ετικέτες: |
Προσθήκη ετικέτας
Δεν υπάρχουν, Καταχωρήστε ετικέτα πρώτοι!
|
MARC
| LEADER | 00000cam a2200000 i 4500 | ||
|---|---|---|---|
| 001 | 1/61653 | ||
| 008 | 141211s2014 gre d | ||
| 035 | |l 10120091 | ||
| 040 | |a GR-MY-UA |b gre |e aacr | ||
| 041 | 0 | |a gre | |
| 082 | 0 | |a 629 |2 (22) | |
| 100 | 1 | |a Κωνσταντινίδης, Αναστάσιος-Γεώργιος. | |
| 245 | 1 | 0 | |a Κίνδυνος πρόσκρουσης πτηνών σε αεροσκάφη και μέτρα για την μείωσή τους στο αεροδρόμιο «Οδυσσέας Ελύτης» της Μυτιλήνης : |b [πτυχιακή εργασία] / |c Κωνσταντινίδης Αναστάσιος-Γεώργιος ; επιβλέπων καθηγητής: Τριαντάφυλλος Ακριώτης |
| 260 | |c 2014 | ||
| 300 | |a 31 σ.; |b εικ.; |c 30 εκ. | ||
| 502 | |a Πτυχιακή εργασία – Πανεπιστήμιο Αιγαίου, Λέσβος, 2014. | ||
| 504 | |a Περιλαμβάνει βιβλιογραφία | ||
| 650 | 0 | 0 | |a Airports |x Bird control. |
| 650 | 0 | 0 | |a Aircraft bird strikes. |
| 650 | 0 | |a Airports |z Greece |z Mytilene (Lesbos) | |
| 650 | 0 | 0 | |a Dissertations, Academic |z Greece. |
| 700 | 1 | |a Ακριώτης, Τριαντάφυλλος. |4 ths | |
| 710 | 2 | |a Πανεπιστήμιο Αιγαίου. |b Σχολή Περιβάλλοντος. |b Τμήμα Περιβάλλοντος. | |
| 852 | |a INST |b LESVOS |c DIATR |e 20141211 |h 1585 |p 005100055732 |q 005100055732 |t DIE |y 23 | ||
| 852 | |a INST |b LESVOS |c DIATR |e 20141211 |h 1586 |p 005100055733 |q 005100055733 |t DIE |y 23 | ||
| 856 | |u http://hdl.handle.net/11610/10497 | ||
| 901 | |a BIBL1-2014-3 | ||
| 909 | |a Λ |b 191271 | ||
| 909 | |a Λ |b 191272 | ||
| 924 | |a ΚΩΝΣΤΑΝΤΙΝΙΔΗΣ |b ΑΝΑΣΤΑΣΙΟΣ-ΓΕΩΡΓΙΟΣ |y ΛΕΣΒΟΣ |z 2014-11 | ||
| 970 | |a ΤΖΑΦΕΡΗ |b ΕΥΑΓΓΕΛΙΑ |z 2014/12/11 | ||